Loading...
| Social Science | 1 | 1 | 0 | 1 | 25 | 35 | 66.50 | 1 | 2 |
| History - American History | 0 | 3 | 1 | 1 | 25 | 85 | 111.00 | 0 | 3 |
| History - European History | 0 | 2 | 0 | 0 | 20 | 82 | 92.50 | 0 | 2 |
| History - World History | 0 | 2 | 0 | 0 | 20 | 132 | 133.00 | 0 | 2 |
| Religion | 0 | 2 | 0 | 1 | 20 | 114 | 130.00 | 0 | 2 |
| Literature - European Literature | 0 | 1 | 0 | 0 | 10 | 137 | 137.00 | 0 | 1 |
| Fine Arts - Auditory Fine Arts | 0 | 1 | 0 | 1 | 10 | 133 | 133.00 | 0 | 1 |
| Other Academic | 0 | 1 | 0 | 0 | 10 | 122 | 122.00 | 0 | 1 |
| Literature - World Literature | 0 | 1 | 0 | 1 | 10 | 138 | 138.00 | 0 | 1 |
| Fine Arts - Other Fine Arts | 0 | 1 | 0 | 1 | 10 | 137 | 137.00 | 0 | 1 |
| Fine Arts - Visual Fine Arts | 0 | 1 | 0 | 1 | 10 | 137 | 137.00 | 0 | 1 |
| Literature - American Literature | 0 | 1 | 0 | 0 | 10 | 137 | 137.00 | 0 | 1 |
| Literature - British Literature | 0 | 1 | 0 | 0 | 10 | 79 | 79.00 | 1 | 1 |
| Science - Biology | 0 | 1 | 0 | 0 | 10 | 77 | 77.00 | 0 | 1 |
| Science - Other Science | 0 | 1 | 0 | 1 | 10 | 120 | 120.00 | 0 | 1 |
| Science - Physics | 0 | 1 | 0 | 1 | 10 | 114 | 114.00 | 0 | 1 |
| Science - Chemistry | 0 | 0 | 0 | 0 | 0 | 0.00 | 0 | 0 | |
| Philosophy | 0 | 0 | 0 | 0 | 0 | 0.00 | 0 | 0 | |
| Pop Culture | 0 | 0 | 1 | 0 | -5 | 0.00 | 0 | 0 | |
| History - Other History | 0 | 0 | 1 | 0 | -5 | 0.00 | 0 | 0 |